La responsabilidad legal del estado y del médico en caso de negligencias médicas

Сохранить в:
Библиографические подробности
Главный автор: Portiño Beltrán, Alejandra (Автор)
Формат:
Язык:испанский
Опубликовано: Santiago Jurídica Congreso 2003
Предметы:
Метки: Добавить метку
Нет меток, Требуется 1-ая метка записи!

MARC

LEADER 00000nam a2200000 a 4500
001 UCL4913
003 CL-VaPUC
008 040227e20030000CL |||||||||||||||||spa|d
020 |a 9567919135 
082 0 4 |a 346.83032  |b POR  |2 21 
100 0 |a Portiño Beltrán, Alejandra  |e author  |9 482634 
245 1 3 |a La responsabilidad legal del estado y del médico en caso de negligencias médicas 
300 |a 277 p 
942 |c BK 
945 |d 20040227 00:00:00  |a cmena 
260 |a Santiago  |b Jurídica Congreso  |c 2003 
650 7 |a NEGLIGENCIA  |2 CL-VaPUC  |9 432660 
650 0 |a Ética médica  |9 312024 
650 7 |a RESPONSABILIDAD LEGAL  |2 CL-VaPUC  |9 256236 
650 0 |a Estado y derecho  |9 255403 
650 0 |a Derecho civil chileno  |9 320612 
583 |a last modification  |c 20040227 00:00:00  |k Rodrigo Vera 
999 |c 307667  |d 307665 
952 |0 0  |1 0  |4 0  |6 346_830320000000000_POR_2003  |7 0  |8 A  |9 373720  |a BIBDER  |b BIBDER  |d 2019-11-21  |i 3985024  |l 1  |o 346.83032 POR 2003  |p 3985024  |r 2023-01-25  |s 2022-11-14  |w 2019-11-21  |y BK  |k DER